| 000 | 00498nam a22001817a 4500 | ||
|---|---|---|---|
| 003 | NUST | ||
| 005 | 20220726113350.0 | ||
| 008 | 220726b ||||| |||| 00| 0 eng d | ||
| 038 | _aAzhar | ||
| 082 |
_a650.14 _bMCG |
||
| 100 |
_aMcGowan Ron _995164 |
||
| 245 |
_aHow to find work in the 21st century : a guide to finding employment in today's workplace _cRon McGowan |
||
| 250 | _a6th edition | ||
| 260 |
_aUK _bThames River press _c2013 |
||
| 300 | _a153p | ||
| 563 | _aPB | ||
| 942 |
_2ddc _cLC |
||
| 999 |
_c590636 _d590636 |
||